01047nam a2200277Ia 4500001001200000003000800012006001900020007001500039008004100054020001800095020001800113040002100131035002100152050002900173100002000202245006700222260005400289300001400343533015200357650003400509650003700543655002900580710001700609856012600626999001700752ebr10344581CaPaEBRm u cr cn|||||||||931020s2009 cm s 000 1 eng d z9789956558834 z9789956615421 aCaPaEBRcCaPaEBR a(OCoLC)64684939514aPR9372.9.N36bF66 2009eb1 aNchami, Azanwi.10aFootprints of destinyh[electronic resource] /cAzanwi Nchami. aMankon, Bamenda, Cameroon :bLangaa RPCIG,c2009. av, 152 p. aElectronic reproduction.bPalo Alto, Calif. :cebrary,d2013.nAvailable via World Wide Web.nAccess may be limited to ebrary affiliated libraries. 0aCameroonian fiction (English) 0aCameroonian literature (English) 7aElectronic books.2local2 aebrary, Inc.40uhttp://site.ebrary.com/lib/rucke/Doc?id=10344581zAn electronic book accessible through the World Wide Web; click to view c48720d48720